00329nam a2200121Ia 4500008004100000041000800041082001500049100003000064245004200094260002800136300003200164365001100196240624s9999 xx 000 0 und d aeng a302.35 BHA aBHATTACHARYYA DIPAK KUMAR aORGANIZATIONAL CHANGE AND DEVELOPMENT c2015aNew DelhibOxford axxii, : 558 : p. : cm. ; 26 cRSb31